Lyrics to Put A Little Love On Me by Niall Horan - Statistics

General Stats
  • This quiz has been taken 600 times
  • The average score is 268 of 330
Answer Stats
Lyric % Correct
love
99%
on
99%
a
97%
put
96%
Put
96%
I
95%
i
95%
little
95%
me
95%
the
94%
We
93%
we
93%
you
93%
You
93%
no
92%
when
91%
When
91%
so
90%
So
90%
to
90%
To
90%
Do
89%
go
89%
your
88%
and
87%
And
87%
there
87%
up
87%
are
86%
Are
86%
hear
86%
Is
86%
is
86%
down
85%
lights
85%
my
84%
all
83%
'cause
83%
'Cause
83%
where
82%
dressed
81%
heart
81%
night
81%
still
81%
it
80%
darling
79%
get
79%
one
79%
falling
78%
know
78%
nobody's
78%
nowhere
78%
that
78%
weekend
78%
dancing
77%
tears
77%
calling
76%
don't
76%
fight
76%
high
76%
holding
76%
only
76%
show
76%
Friday
75%
got
75%
hate
75%
low
75%
much
75%
need
75%
there's
75%
with
75%
wrong
75%
you're
75%
wonder
74%
but
73%
this
72%
us
72%
skin
71%
around
70%
look
70%
collapsing
69%
nothing
69%
Another
68%
shadows
68%
was
67%
come
66%
as
65%
beneath
64%
I've
64%
onto
63%
hidden
61%
tryna
60%
were
60%
we're
60%
thing
59%
came
53%
say
53%
say,
53%
our
50%
saw
50%
more
48%
words
47%
Until
46%
cried
45%
Last
45%
Til
45%
laughed
43%
lay
43%
someone
43%
worst
43%
awake
41%
ones
41%
things
41%
Will
41%
asking
40%
eyes
40%
first
40%
standing
40%
close
39%
wrote
37%
Stuck
35%
No matching quizzes found
Score Distribution
Percent of People with Each Score
Percentile by Number Answered
Your Score History
You have not taken this quiz